000 00719cam8a220022900 4500
001 tmp15682951
003 UPRA
005 20190823110035.0
008 951003s1977 ne eng u
020 _a9061935490
035 _a(Sirsi) r57620
035 _a(UPRA)tmp15682951
040 _cUPRA
100 1 _aWeiser, Jaroslav.
_6A8506.1
245 1 3 _aAn atlas of insect diseases.
250 _a2nd rev. ed.
260 _aHague :
_bW. Junk,
_c1977.
650 0 _aInsects -- Diseases.
_xInsects -- Diseases.
_6S11137.1
650 0 _aInsects -- Diseases -- Atlases.
_xInsects -- Diseases -- Atlases.
_xInsects -- Diseases -- Atlases.
_6S12112.1
949 _aSB947
_wlcc
_i-75267
_mMAIN
_tBOOK
_lON-SHELF
004 57620
999 _c150549
_d150549